| 000 | 01004nam a22002657a 4500 | ||
|---|---|---|---|
| 005 | 20220801123523.0 | ||
| 008 | 220801s2017 maua|||gr|||| 00| 0 eng d | ||
| 020 | _a9781305271531(7a.Ed.) | ||
| 020 | _a130527153X | ||
| 040 |
_aCO-BoUCM _bspa _cDeissy Garcia _dDeissy Garcia |
||
| 041 | 0 | _aeng | |
| 060 | _aWM 420 | ||
| 100 | 1 |
_9175300 _aTeyber, Edward |
|
| 245 | 1 | 0 |
_aInterpersonal process in therapy _ban integrative model _cEdward Teyber, Faith Holmes Teyber |
| 250 | _a7a.Ed. | ||
| 260 |
_aBoston, Massachusetts _bCengage _c2019 |
||
| 300 |
_axvii, 408 páginas _bilustraciones |
||
| 500 | _aBibliografía Básica - Escuela de Medicina y Ciencias de la Salud - Pregrado en Psicología | ||
| 504 | _aIncluye referencias bibliográficas e índices | ||
| 650 | 7 |
_922877 _aPsicoterapia _xMetodología |
|
| 650 | 7 |
_aTerapia (Psicoterapia) _9175302 |
|
| 650 | 7 |
_aPsicoterapeuta y paciente _9175303 |
|
| 700 | 1 |
_9175301 _aTeyber, Faith Holmes |
|
| 942 |
_2NLM _a15 _cLIBRO _e7 _hWM 420 _mT356i _n0 |
||
| 999 |
_c321507 _d321507 |
||